00342nam a2200097Ia 45000010005000000080041000050820024000461000054000702450099001242600021002231092241024s9999 xx 000 0 und d aRD/370.972293/R426i aRepública Dominicana. Ministerio de Educación 0aInstructivo para el funcionamiento de las juntas descentralizadas a nivel regional y distrital bEd. Tele-3c2010